| 000 | 00925cam a2200289 i 4500 | ||
|---|---|---|---|
| 999 |
_c200424936 _d31492 |
||
| 001 | 200424936 | ||
| 003 | TR-AnTOB | ||
| 005 | 20241121110645.0 | ||
| 007 | ta | ||
| 008 | 160822t19991999tu 000 0 tur d | ||
| 020 | _a9759426307 | ||
| 040 |
_aTR-AnTOB _beng _erda _cTR-AnTOB |
||
| 041 | 0 | _atur | |
| 050 | 0 | 0 |
_aBF199 _b.K37 1999 |
| 090 |
_aBF199 _b.K37 1999 |
||
| 100 |
_aKarakuşçu, M. Nail, _d1914- _eauthor _9115560 |
||
| 245 | 1 | 0 |
_aİnsan nasıl bir yaratıktır? : _binsanların toplu yaşantısına ve sorunlarına psikolojik gözle genel bir bakış / _cM. Nail Karakuşçu. |
| 264 | 1 |
_aAnkara : _b[publisher not identified], _c1999. |
|
| 264 | 4 | _c©1999 | |
| 300 |
_avi, 34 pages ; _c24 cm |
||
| 336 |
_atext _2rdacontent _btxt |
||
| 337 |
_aunmediated _2rdamedia _bn |
||
| 338 |
_avolume _2rdacarrier _bnc |
||
| 650 | 0 | 0 |
_aDavranışçılık (Psikoloji) _950334 |
| 942 |
_2lcc _cBK |
||